| 000 | 03178cgm a2200697Ia 4500 | ||
|---|---|---|---|
| 001 | 38238 | ||
| 005 | 20230410123815.0 | ||
| 007 | vd cvaizq | ||
| 008 | 001024p20001993cau127 g vleng d | ||
| 035 | _a(OCoLC)ocm45220356 | ||
| 040 |
_aB@L _cB@L _dUV$ _dMR0 _dOCLCQ _dJED _dOCLCQ _dRCS _dOCLCQ _dIBI _dVP@ _dBTCTA |
||
| 020 | _a0783219784 | ||
| 020 | _a9780783219783 | ||
| 024 | 1 | 0 | _a025192078729 |
| 028 | 4 | 2 |
_a20032 _bUniversal |
| 035 | _a(OCoLC)45220356 | ||
| 041 | 0 |
_aeng _afre _beng _bspa |
|
| 050 | 1 | 4 | _aCM DVD 00268 |
| 082 | 0 | 4 |
_a791.43/72 _222 |
| 049 | _aGRAL | ||
| 245 | 0 | 0 |
_aJurassic Park _h[videorecording] / _cUniversal Pictures presents an Amblin Entertainment production ; produced by Kathleen Kennedy and Gerald R. Molen ; directed by Steven Spielberg ; screenplay by Michael Crichton and David Koepp. |
| 250 | _aCollector's ed., Widescreen version. | ||
| 260 |
_aUniversal City, CA : _bUniversal, _cc2000. |
||
| 300 |
_a1 videodisc (127 min.) : _bsd., col. ; _c4 3/4 in. + _e1 leaflet. |
||
| 538 | _aDVD ; Dolby surround. | ||
| 546 | _aClosed-captioned. | ||
| 546 | _aIn English or French with English or Spanish subtitles. | ||
| 511 | 1 | _aSam Neill, Laura Dern, Jeff Goldblum, Richard Attenborough. | |
| 508 | _aLive action dinosaurs, Stan Winston ; full motion dinosaurs, Dennis Muren ; special dinosaur effects, Michael lantieri ; music, John Williams ; editor, Michael Kahn ; production designer, Rick Carter ; director of photography, Dean Cundey. | ||
| 500 | _aDVD release of the 1993 motion picture. | ||
| 500 | _aBased on the novel by Michael Crichton. | ||
| 521 | 8 | _aRated PG13. | |
| 520 | _aA wealthy entrepreneur invites a top paleontologist, a paleobotanist, a mathematician/theorist, and his two eager grandchildren to visit his secret island theme park featuring living dinosaurs created from prehistoric DNA. | ||
| 500 | _aSpecial features include: direct hotlink to the set of Jurassic Park III, "The making of Jurassic Park," pre-production meetings, storyboards, production photographs, design sketches, conceptual paintings, "Raptors in the kitchen" by Phil Tippett Animatics, theatrical trailers, dinosaur encyclopedia, production notes, cast and filmmakers information. | ||
| 650 | 0 |
_aDinosaurs _vDrama. |
|
| 655 | 0 | _aAdventure films. | |
| 655 | 0 | _aScience fiction films. | |
| 655 | 0 | _aVideo recordings for the hearing impaired. | |
| 655 | 0 | _aFeature films. | |
| 700 | 1 |
_aKennedy, Kathleen, _d1954- |
|
| 700 | 1 | _aMolen, Gerald R. | |
| 700 | 1 |
_aSpielberg, Steven, _d1946- |
|
| 700 | 1 |
_aCrichton, Michael, _d1942- |
|
| 700 | 1 | _aKoepp, David. | |
| 700 | 1 | _aNeill, Sam. | |
| 700 | 1 | _aDern, Laura. | |
| 700 | 1 |
_aGoldblum, Jeff, _d1952- |
|
| 700 | 1 | _aAttenborough, Richard. | |
| 700 | 1 |
_aWinston, Stan, _d1946- |
|
| 700 | 1 | _aMuren, Dennis. | |
| 700 | 1 | _aLantieri, Michael. | |
| 700 | 1 |
_aWilliams, John, _d1932- |
|
| 700 | 1 |
_aKahn, Michael, _d1935- |
|
| 700 | 1 | _aCarter, Rick. | |
| 700 | 1 |
_aCundey, Dean, _d1945- |
|
| 710 | 2 | _aUniversal Pictures (Firm) | |
| 710 | 2 | _aAmblin Entertainment (Firm) | |
| 938 |
_aBaker and Taylor _bBTCP _nbe2003004637 |
||
| 942 |
_2lcc _cdvd |
||
| 994 |
_aC0 _bDRFGD |
||
| 999 |
_c66684 _d66684 |
||